| 000 | nam a22 a 4500 | ||
|---|---|---|---|
| 999 |
_c2286 _d2286 |
||
| 003 | AKMAL | ||
| 005 | 20170516085615.0 | ||
| 008 | 170516s1986 -us 00 eng d | ||
| 020 | _a066908039X | ||
| 040 |
_aAKMAL _cAKMAL |
||
| 082 | 0 | 4 | _a417.4 BAI |
| 090 | 2 | 0 |
_a417.4 _bBAI |
| 245 |
_aMaking choices : _bheath American readers / _cby Mildred Bailey ... [et al.] |
||
| 260 |
_aLexington, Mass. : _bD.C. Heath and Company, _c1986 |
||
| 300 |
_a623p. : _bcol. ill. ; _c24cm |
||
| 650 |
_aAmerican literature _94807 |
||
| 650 |
_aUnited States - civilization _94808 |
||
| 700 | 1 |
_aBailey, Mildred _94809 |
|
| 942 |
_2ddc _cBOOK |
||